[Event "OP-2011-0-01470"]
[Site "LSS email"]
[Date "2011.03.31"]
[Round "?"]
[White "Horacek, Petr"]
[Black "Taroma Corpus, Roger"]
[Result "0-1"]
[WhiteElo "1579"]
[BlackElo "1526"]
[PlyCount "40"]
[EventDate "2011.03.27"]
[EventType "tourn (corr)"]
[EventRounds "4"]
[EventCountry "GER"]
[SourceTitle "Telechess CBM 151"]
[Source "ChessBase"]
[SourceDate "2012.11.13"]
[SourceVersion "1"]
[SourceVersionDate "2012.11.13"]
[SourceQuality "1"]

1. e4 e5 2. Nf3 Nc6 3. Bb5 a6 4. Ba4 Bc5 5. 0-0 Qf6 6. c3 Nge7 7. Re1 b5 8. Bb3 d6 9. d3 Bg4 10. Nbd2 0-0 11. h3 Be6 12. Bxe6 fxe6 13. b3 Ng6 14. b4 Bb6 15. Nb3 Nh4 16. Be3 Nxf3+ 17. gxf3 Qh4 18. Kh2 Bxe3 19. fxe3 Qf2+ 20. Kh1 Rxf3 0-1

[Event "Brno Duras op-B"]
[Site "Brno"]
[Date "2010.07.01"]
[Round "5"]
[White "Horacek, Petr"]
[Black "Cermak, Jan"]
[Result "1-0"]
[WhiteElo "1531"]
[BlackElo "1518"]
[PlyCount "65"]
[EventDate "2010.06.27"]
[EventType "swiss"]
[EventRounds "9"]
[EventCountry "CZE"]
[SourceTitle "EXT 2011"]
[Source "ChessBase"]
[SourceDate "2010.11.26"]
[SourceVersion "1"]
[SourceVersionDate "2010.11.26"]
[SourceQuality "1"]

1. e4 c5 2. Nf3 Nc6 3. d4 cxd4 4. Nxd4 Nf6 5. Nc3 e5 6. Ndb5 d6 7. Bg5 a6 8. Na3 b5 9. Bxf6 gxf6 10. Nd5 Bg7 11. c3 f5 12. Bd3 fxe4 13. Bxe4 Bd7 14. Qf3 0-0 15. g4 Qg5 16. Ne3 Rac8 17. Rd1 Qe7 18. Nf5 Qg5 19. h4 Qf4 20. Qxf4 exf4 21. Rxd6 Bxf5 22. gxf5 Rfe8 23. f3 Ne5 24. Kf2 f6 25. Rg1 Rcd8 26. Rgd1 Rxd6 27. Rxd6 Bf8 28. Rxa6 Bc5+ 29. Ke2 Nd7 30. Nxb5 Nb6 31. Nc7 Re7 32. Ne6 Be3 33. Nxf4 1-0